000
00474nam a2200181Ia 4500
008
090124s9999 xx 000 0 und d
082
_b
125903
100
_a
मेहता शशिकला
245
_a
झुबेदा
250
_a
1
260
_c
1993
300
_a
294
600
_a
मेहता शशिकला
630
_a
झुबेदा
700
_a
मेहता शशिकला
730
_a
झुबेदा
942
_c
BOOK
999
_c
171993
_d
171993